Can You Name All The Brawler Titles In Brawl Stars? - Statistics

General Stats
  • This quiz has been taken 18 times
    9 since last reset
  • The average score is 36 of 105
Answer Stats
Hint Answer % Correct
Jackie #@%**
100%
Brock Boom
80%
Bull Bulldozer
80%
El Primo El Luchador
80%
Poco El Mariachi
80%
Gus Lost
80%
Shelly No Time To Explain
80%
Colt Pretty
80%
Piper Sniper
80%
Nita Untamed
80%
Dynamike Birdie birdie birdie
60%
Mortis Creature of the Night
60%
Lola Drama Queen
60%
Carl Geologist
60%
Emz #haters
60%
Rico Lover
60%
Nani Nanny
60%
Darryl Pirrrate
60%
Penny Salty
60%
Frank Tank
60%
Rosa Touching Grass
60%
Tick Where is my head
60%
Grom With one left hand
60%
Barley You got served
60%
Pam Your mom
60%
Lily Backstabber
40%
Angelo Bloodthirsty
40%
Buzz Born bad
40%
MR.P Boss
40%
Jessie Builder
40%
Crow Caw Caw
40%
Edgar CEO of Brawl Stars
40%
Meeple Cheater
40%
Ruffs Colonel
40%
Bibi Cool Cat
40%
Draco Dungeon Master
40%
Griff Greedy
40%
Max I AM SPEED
40%
Larry and Lawrie I am the law
40%
Sam In your face
40%
Squeak is an accident
40%
Gale Janitor
40%
Maisie Master of Disaster
40%
Kit Meow
40%
Eve Mother
40%
Bo One with Nature
40%
Hank Prawn Ready
40%
Bea Queen
40%
Bonnie Reckless
40%
Janet Rocket
40%
Byron Sensational
40%
Glowy Sleeps with the fishes
40%
Sandy Sleepy
40%
Belle Starr
40%
8-Bit SYS 64738
40%
Gene Talk to the Hand
40%
Mandy Tough Cookie
40%
Ash Trash Tier
40%
Sprout Tree hugger
40%
Berry Unicorn
40%
Stu Wicked
40%
Doug Wiener
40%
Bolt Baller
20%
Colette Collector
20%
Trunk Controlled by ants
20%
Amber Fire Starter
20%
Shade Ghosted
20%
Lumi Headbanger
20%
Mina Hurricane
20%
Willow Is in your head
20%
Pearl Let me cook
20%
Spike One of a Kind
20%
Kenji Samurai
20%
Alli See you Later
20%
Gray Shady
20%
Fang Sneaker Artist
20%
Leon Sneaky
20%
Meg Tech Support 2.0
20%
Sirius The Banished
20%
Damian The Beat Says YEAH
20%
Buzz Lightyear To infinity and beyond
20%
Cordelius Toxic
20%
R-T Watcher
20%
Tara What is in the cards
20%
Charlie Amazing
0%
Mico Am I a joke to you
0%
Jae-Yong Amor Fati
0%
Otis Artist
0%
Ollie Based
0%
Buster Blockbuster
0%
Surge Bro
0%
Moe Chessy
0%
Melodie Fearless
0%
Juju Hexed
0%
Lou is here for you
0%
Chester Jack of all Trades
0%
Chuck Maestro
0%
Starr Nova Magical
0%
Ziggy Magnificent
0%
Kaze Ninja
0%
Pierce Peed in the pool
0%
Clancy Shell Shocked
0%
Gigi Strung Up
0%
Najia Venomous
0%
Finx Waste of time
0%
No matching quizzes found
Score Distribution
Percent of People with Each Score
Percentile by Number Answered
Your Score History
You have not taken this quiz since the last reset